banner-ar

لغات المسرح التى تصوغها المراة / (Record no. 65167)

MARC details
000 -الفاتح
حقل البيانات ثابتة الطول 01249nam a2200313 4500
005 - وقت وتاريخ اخر تعامل مع التسجيلة
رقم الضبط 20240530110810.0
008 - عناصر البيانات ثابتة الطول - معلومات عامة
حقل البيانات ثابتة الطول 190415s2009 ua a f b 000 0 ara d
017 ## - رقم الايداع القانونى
رقم الايداع القانونى 2009/19730
المصدر ( الهيئة المختصة) مصر . دار الكتب
020 ## - الرقم الدولى المعيارى للكتب
الرقم الدولى المعيارى للكتاب 9789774796029
040 ## - مصدر الفهرسة
وكالة الفهرسة الأصلية EG-CaGPL
082 04 - رقم تصنيف ديوى العشرى
رقم الطبعة 21
رقم التصنيف 792.022/
رقم المادة ج ل
100 1# - المدخل الرئيسى - إسم شخصى
الإسم الشخصى جى ، جين دى
245 10 - بيان العنوان
العنوان لغات المسرح التى تصوغها المراة /
بيان المسئوليه,etc تاليف جين دى جى ، وليزبث جودمان ؛ ترجمة محمد الجندى ؛ مراجعة محمد حمدى ابراهيم
250 ## - بيان الطبعة
بيان الطبعة ط.1
260 ## - PUBLICATION, DISTRIBUTION, ETC. (IMPRINT)
تاريخ النشر أو التوزيع 2009
300 ## - الوصف المادى
التعداد 411 ص. :
تفاصيل ماديه اخرى للوعاء ايض. ؛
أبعاد الوعاء 24 سم.
504 ## - تبصرة ببليوجرافية
تبصرة ببليوجرافية,الخ ببليوجرافية ص 402 - 408
600 0# - المدخل الاضافى بالموضوع-اسم شخصى
الإسم الشخصى هاملت
650 07 - المدخل الاضافى بالموضوع-مصطلح موضوعى
مصطلح موضوعي المسرح
650 07 - المدخل الاضافى بالموضوع-مصطلح موضوعى
مصطلح موضوعي التمثيل فى المسرح
650 07 - المدخل الاضافى بالموضوع-مصطلح موضوعى
مصطلح موضوعي المسرحيات
التقسيم الفرعي العام تاريخ ونقد
650 07 - المدخل الاضافى بالموضوع-مصطلح موضوعى
مصطلح موضوعي التمثيل
653 0# - مصطلح تكشيفى غير مقيد
مصطلح غير مقيد المسرح - عروض النساء
700 1# - المدخل الاضافى - اسم شخصى
الإسم الشخصى جودمان ، وليزبث
الدور مؤلف مشارك
700 0# - المدخل الاضافى - اسم شخصى
الإسم الشخصى محمد الجندى
الدور مترجم
700 0# - المدخل الاضافى - اسم شخصى
الإسم الشخصى محمد حمدى ابراهيم
الدور مراجع
942 ## - عناصر المدخل الإضافي( كوها)
مصدر التصنيف او مخطط الترفيف Dewey Decimal Classification
Koha [default] item type كتاب
260 ## - PUBLICATION, DISTRIBUTION, ETC. (IMPRINT)
-- القاهرة :
-- مطابع المجلس الاعلى للاثار ،
Holdings
حالة التراجع حالة الفقد حالة تلف ليس للاعارة المكان المؤقت الموقع الحالى موقع الترفيف تاريخ الاكتساب اجمالي اﻻعارات رقم الطلب الباركود تاريخ اخر مشاهدة تاريخ تفعيل السعر نوع وعاء كوها
        مكتبة القاهرة الكبرى مكتبة القاهرة الكبرى   04/15/2019   792.022/ ج ل 165804 04/15/2019 04/15/2019 كتاب

Powered By

EGPV